[Event "Wellington Club Championship - A Grade"]
[Site "Wellington Chess Club"]
[Date "2024.10.01"]
[Round "1.2"]
[White "Ker, Anthony F"]
[Black "Nicholls, Leighton"]
[Result "1-0"]
[WhiteElo "2384"]
[BlackElo "1961"]
[WhiteFideId "4300084"]
[BlackFideId "4303776"]
[EventDate "2024.09.26"]
[SourceDate ""]

1. e4 e6 2. d4 d5 3. Nc3 Bb4 4. e5 c5 5. Bd2 Nc6 6. Nb5 cxd4 7. Bxb4 Nxb4 8.
Qd2 Qa5 9. Nxd4 Bd7 10. f4 Ne7 11. Ngf3 Rc8 12. c3 Na6 13. Bd3 Nc5 14. Bc2 Qa6
15. Qe2 Qxe2+ 16. Kxe2 O-O 17. a4 a6 18. Rhc1 b6 19. g3 Rc7 20. b4 Nb7 21. Bd3
a5 22. Kd2 Rfc8 23. Rc2 g6 24. g4 Kg7 25. Raa2 f6 26. exf6+ Kxf6 27. Ne5 h6 28.
Nb5 Bxb5 29. Bxb5 Rd8 30. Nf3 Nd6 31. Nd4 Nxb5 32. axb5 axb4 33. cxb4 Rc4 34.
Kd3 Rdc8 35. Rxc4 dxc4+ 36. Ke4 Nd5 37. Ra6 g5 38. f5 Nc3+ 39. Ke3 Nd5+ 40. Ke4
Nc3+ 41. Kf3 Rd8 42. Nxe6 Rd3+ 43. Kf2 Nd5 44. Ra8 c3 45. Rc8 Nxb4 46. Rc4 Nd5
47. Nd4 Rd2+ 48. Ke1 Rd3 49. Ne2 Ke5 50. Rc6 Nf4 51. Rxc3 Rxc3 52. Nxc3 h5 53.
gxh5 Kxf5 54. Na4 Nxh5 55. Nxb6 Ke6 56. Nc4 Kd5 57. b6 Nf6 58. b7 Nd7 59. Nb6+
1-0

[Event "Wellington Club Championship - A Grade"]
[Site "Wellington Chess Club"]
[Date "2024.10.01"]
[Round "1.3"]
[White "Dive, Russell J"]
[Black "Sellen, Ian"]
[Result "1-0"]
[WhiteElo "2315"]
[BlackElo "2001"]
[WhiteFideId "4300106"]
[BlackFideId "4300610"]
[EventDate "2024.09.26"]
[SourceDate ""]

1. Nf3 d5 2. g3 c5 3. c4 e6 4. Bg2 Nc6 5. O-O Nf6 6. cxd5 exd5 7. d4 Be7 8. Nc3
Be6 9. b3 O-O 10. Bb2 Qd7 11. Ne5 Qc7 12. Nxc6 bxc6 13. dxc5 Bxc5 14. Rc1 Rac8
15. Qc2 Be7 16. Rfd1 Rfd8 17. Nb5 Qb6 18. Nd4 c5 19. Nf5 Bxf5 20. Qxf5 Qe6 21.
Qc2 Ne4 22. Bxe4 Qxe4 23. Qxe4 dxe4 24. e3 f5 25. Kf1 Kf7 26. Ke2 g6 27. Rxd8
Rxd8 28. Ba3 Rd5 29. Rc4 Ke6 30. Ra4 Rd7 31. Ra6+ Kd5 32. Kd2 Bd8 33. Kc2 c4
34. b4 Bb6 35. Bc1 Kc6 36. a4 Kb7 37. b5 Rd5 38. h4 c3 39. Ba3 Rd2+ 40. Kxc3
Rxf2 41. a5 Bxe3 42. Rd6 Rf3 43. Kc4 Bf2 44. Bb4 Bxg3 45. Rd7+ Kb8 46. Rxh7 Rf1
47. Kd5 Rd1+ 48. Kc6 Rd8 49. b6 axb6 50. axb6 Rc8+ 51. Kb5 Re8 52. Rg7 e3 53.
Rxg6 Be5 54. h5 f4 55. h6 e2 56. h7 1-0

[Event "Wellington Club Championship - A Grade"]
[Site "Wellington Chess Club"]
[Date "2024.10.01"]
[Round "1.4"]
[White "Winter, Ryan"]
[Black "Winsley, Nicholas"]
[Result "1/2-1/2"]
[WhiteElo "2289"]
[BlackElo "2086"]
[WhiteFideId "4306295"]
[BlackFideId "4315146"]
[EventDate "2024.09.26"]
[SourceDate ""]

1. e4 c5 2. Nf3 d6 3. d4 cxd4 4. Nxd4 Nf6 5. Nc3 a6 6. Be2 e5 7. Nb3 Be6 8. O-O
Nc6 9. Bg5 Rc8 10. Re1 Be7 11. Nd2 h6 12. Bxf6 Bxf6 13. Nc4 Nd4 14. Ne3 Bg5 15.
Bd3 Bxe3 16. fxe3 Nc6 17. Qd2 O-O 18. Rad1 Qc7 19. Bf1 Rfd8 20. a3 Ne7 21. Qf2
d5 22. exd5 Nxd5 23. Nxd5 Bxd5 24. Rd2 Be4 25. Bd3 Bxd3 26. cxd3 Rd6 27. d4
Rcd8 28. Red1 Qc4 1/2-1/2

[Event "Wellington Club Championship - A Grade"]
[Site "Wellington Chess Club"]
[Date "2024.10.01"]
[Round "1.5"]
[White "Young, Cohen"]
[Black "Van der Hoorn, Thomas"]
[Result "1/2-1/2"]
[WhiteElo "2136"]
[BlackElo "2096"]
[WhiteFideId "4317440"]
[BlackFideId "4314565"]
[EventDate "2024.09.26"]
[SourceDate ""]

1. e4 c5 2. Nf3 Nc6 3. d4 cxd4 4. Nxd4 e5 5. Nb5 d6 6. c4 g6 7. N1c3 a6 8. Na3
Bg7 9. Nc2 Nf6 10. Be2 O-O 11. Be3 Be6 12. Qd2 Rc8 13. f3 Nh5 14. O-O-O Nf4 15.
Bf1 Qa5 16. Kb1 Nb4 17. Nxb4 Qxb4 18. g3 Nh5 19. Nd5 Qxd2 20. Rxd2 Bxd5 21.
Rxd5 Rc6 22. Be2 Nf6 23. Rd2 Rfc8 24. Rhd1 Bf8 25. a4 Nd7 26. a5 b6 27. axb6
Nxb6 28. b3 a5 29. Rb2 a4 30. Bxb6 a3 31. Ra2 Rxb6 32. Kc2 Rcb8 33. Rb1 Bh6 34.
Rxa3 Be3 35. Ra5 Bc5 36. Rb5 Kf8 37. b4 Rxb5 38. cxb5 Bd4 39. Kb3 Rc8 40. Bc4
Ke7 41. Rd1 f6 42. Rd2 Rc7 43. Ra2 Ra7 44. Ra5 Kd7 45. Bg8 h6 46. Rxa7+ Bxa7
47. Kc4 f5 48. Kd5 fxe4 49. fxe4 Bg1 50. h3 Bf2 51. g4 h5 52. Be6+ Kc7 53. g5
Be3 54. Bf7 Bxg5 55. b6+ Kxb6 56. Kxd6 Bf4 57. Bxg6 h4 58. Be8 Bg3 59. Ke6 Bf4
60. Kf5 Bg3 61. Kg4 Kc7 62. b5 Kb6 63. Bc6 1/2-1/2

[Event "Wellington Club Championship - A Grade"]
[Site "Wellington Chess Club"]
[Date "2024.10.03"]
[Round "2.1"]
[White "Timergazi, Layla"]
[Black "Van der Hoorn, Thomas"]
[Result "1/2-1/2"]
[WhiteElo "2187"]
[BlackElo "2096"]
[WhiteFideId "4303733"]
[BlackFideId "4314565"]
[PlyCount "0"]
[EventDate "2024.09.26"]
[SourceDate ""]

1. d4 Nf6 2. c4 e6 3. Nc3 Bb4 4. g3 O-O 5. Bg2 c5 6. Nf3 cxd4 7. Nxd4 Nc6 8.
O-O a6 9. a3 Bxc3 10. bxc3 Qc7 11. Nb3 d6 12. Bf4 e5 13. Bg5 Nd7 14. Bxc6 Qxc6
15. Qd5 Qxd5 16. cxd5 f6 17. Be3 b6 18. Rab1 a5 19. Nd2 Ba6 20. Rfe1 Rab8 21.
Ne4 Bc4 22. Nxd6 Bxd5 23. Red1 Be6 24. Nb5 Nc5 25. Bxc5 bxc5 26. Nd6 Rb3 27.
Rxb3 Bxb3 28. Rd2 Rd8 29. f3 Be6 30. Ne4 Rxd2 31. Nxd2 Bd5 {=} 32. Kf2 Kf7 33.
e4 Be6 34. f4 Ke7 35. fxe5 fxe5 36. Ke3 c4 37. Nf3 {=} 1/2-1/2

[Event "Wellington Club Championship - A Grade"]
[Site "Wellington Chess Club"]
[Date "2024.10.03"]
[Round "2.2"]
[White "Winsley, Nicholas"]
[Black "Young, Cohen"]
[Result "1-0"]
[WhiteElo "2086"]
[BlackElo "2136"]
[WhiteFideId "4315146"]
[BlackFideId "4317440"]
[PlyCount "0"]
[EventDate "2024.09.26"]
[SourceDate ""]

1. e4 c5 2. Nf3 a6 3. d4 cxd4 4. Nxd4 Nf6 5. Nc3 e5 6. Nf3 Bb4 7. Bd2 O-O 8.
Bc4 Bxc3 9. Bxc3 Nxe4 10. Bxe5 Qa5+ 11. c3 Re8 12. b4 Qb6 13. O-O d6 14. Qd5
Be6 15. Qxe4 Bxc4 16. Qxc4 dxe5 17. Nxe5 Qe6 18. Rfe1 Nc6 19. Qxe6 Rxe6 20. Nd7
Rxe1+ 21. Rxe1 Rd8 22. Nc5 g6 23. Nxb7 Rd2 24. g4 Rxa2 25. Re8+ Kg7 26. g5 h6
27. h4 Rc2 28. Re3 hxg5 29. hxg5 f6 30. Nc5 a5 31. Re6 Nxb4 32. Re7+ Kg8 33.
gxf6 Rxc3 34. f7+ Kf8 35. Nd7+ Kxe7 36. f8=Q+ Kxd7 37. Qg7+ 1-0

[Event "Wellington Club Championship - A Grade"]
[Site "Wellington Chess Club"]
[Date "2024.10.03"]
[Round "2.3"]
[White "Sellen, Ian"]
[Black "Winter, Ryan"]
[Result "0-1"]
[WhiteElo "2001"]
[BlackElo "2289"]
[WhiteFideId "4300610"]
[BlackFideId "4306295"]
[PlyCount "0"]
[EventDate "2024.09.26"]
[SourceDate ""]

1. c4 e5 2. Nc3 Nc6 3. g3 Bb4 4. Bg2 Bxc3 5. dxc3 f5 6. e3 Nf6 7. Ne2 O-O 8.
O-O Qe7 9. Re1 d6 10. b3 Bd7 11. f4 Rae8 12. Bd2 Kh8 13. h3 Qf7 14. Rf1 Re7 15.
Kh2 Rfe8 16. Bf3 exf4 17. exf4 Ne4 18. Be1 Nd8 19. Ng1 Bc6 20. Bh5 g6 21. Qd4+
Kg8 22. Bd1 Ne6 23. Qd3 N6c5 24. Qc2 Nf6 25. Be2 Re6 26. b4 Rxe2+ 27. Nxe2 Qxc4
28. Rf2 Nd3 29. Qb3 Qxb3 30. axb3 Nxf2 0-1

[Event "Wellington Club Championship - A Grade"]
[Site "Wellington Chess Club"]
[Date "2024.10.03"]
[Round "2.4"]
[White "Nicholls, Leighton"]
[Black "Dive, Russell J"]
[Result "0-1"]
[WhiteElo "1961"]
[BlackElo "2315"]
[WhiteFideId "4303776"]
[BlackFideId "4300106"]
[PlyCount "0"]
[EventDate "2024.09.26"]
[SourceDate ""]

1. f4 d5 2. Nf3 Nf6 3. e3 g6 4. b3 Bg7 5. Bb2 O-O 6. Be2 c5 7. O-O Nc6 8. d3 e6
9. Ne5 Ne7 10. Bf3 Nf5 11. Qe2 Nh4 12. Nd2 b6 13. g3 Nxf3+ 14. Ndxf3 Bb7 15. c4
Ne8 16. Rad1 Nd6 17. Ng4 f6 18. Nf2 Qe7 19. e4 dxe4 20. dxe4 e5 21. fxe5 fxe5
22. Ng4 Bxe4 23. Nfxe5 Rxf1+ 24. Kxf1 Rf8+ 25. Ke1 Ba8 26. Rd2 Qe6 27. Qd3 Qf5
28. Qxf5 Nxf5 29. Nd7 Re8+ 30. Kf2 Bxb2 31. Rxb2 Kg7 32. Re2 Rd8 33. Nde5 h5
34. Ne3 Nd4 35. Rd2 Rf8+ 36. Ke1 Re8 0-1

[Event "Wellington Club Championship - A Grade"]
[Site "Wellington Chess Club"]
[Date "2024.10.03"]
[Round "2.5"]
[White "Croad, Nicolas"]
[Black "Ker, Anthony F"]
[Result "0-1"]
[WhiteElo "2394"]
[BlackElo "2384"]
[WhiteFideId "4300793"]
[BlackFideId "4300084"]
[PlyCount "0"]
[EventDate "2024.09.26"]
[SourceDate ""]

1. d4 Nf6 2. c4 e6 3. Nc3 Bb4 4. e3 b6 5. Ne2 Ba6 6. Qa4 c5 7. a3 Bxc3+ 8. Nxc3
O-O 9. Be2 cxd4 10. exd4 d5 11. Bg5 Bxc4 12. Bxc4 dxc4 13. Qxc4 h6 14. Bh4 Nbd7
15. O-O Qc8 16. Qe2 Qb7 17. Rad1 Rac8 18. Rfe1 a6 19. Rd3 b5 20. Qd2 a5 21. a4
b4 22. Nb5 Qd5 23. Bg3 Ne4 24. Qf4 Ndf6 25. Rde3 Rc2 26. b3 Rfc8 27. Nd6 Nxd6
28. Qxd6 Rb2 29. Qa6 Rcc2 30. h3 Rxb3 31. Rxb3 Qxb3 32. Qxa5 Qc3 33. Re3 Qxd4
34. Be5 Qd1+ 35. Kh2 Rxf2 36. Qa8+ Kh7 37. Bxf6 Rxf6 38. Qe4+ g6 39. Qxb4 Rf1
40. a5 Qc1 41. Qd4 Qc7+ 42. Qe5 Qxe5+ 43. Rxe5 Ra1 44. Rb5 Kg7 45. Kg3 Kf6 46.
Kf3 Ra2 47. h4 h5 48. g3 Ra3+ 49. Kf4 Ra4+ 50. Ke3 e5 51. Kd3 Kf5 52. Kc3 f6
53. Kb3 Ra1 54. Kb2 Rd1 55. a6 Rd7 56. Ra5 Ra7 57. Ra4 e4 58. Kc3 Ke5 59. Ra5+
Kd6 60. Kd4 f5 61. Kc4 Kc6 62. g4 hxg4 63. h5 gxh5 64. Rxf5 Rxa6 65. Rxh5 Ra4+
66. Kb3 Rd4 67. Kc3 Rd3+ 68. Kc4 g3 69. Re5 g2 70. Rg5 Rd2 71. Rg6+ Kd7 72. Kc3
e3 73. Rg3 Kd6 74. Rg5 Ke6 75. Rg3 Kf5 76. Rxe3 Rd1 0-1

[Event "Wellington Club Championship - A Grade"]
[Site "Wellington Chess Club"]
[Date "2024.10.17"]
[Round "3.1"]
[White "Ker, Anthony F"]
[Black "Timergazi, Layla"]
[Result "1/2-1/2"]
[WhiteElo "2384"]
[BlackElo "2187"]
[WhiteFideId "4300084"]
[BlackFideId "4303733"]
[PlyCount "0"]
[EventDate "2024.09.26"]
[SourceDate ""]

1. e4 c6 2. Nf3 d5 3. exd5 cxd5 4. Ne5 Nc6 5. Bb5 Bd7 6. Nxd7 Qxd7 7. d4 Nf6 8.
c3 a6 9. Ba4 h6 10. O-O e6 11. Nd2 b5 12. Bc2 Bd6 13. Nf3 O-O 14. Re1 Qc7 15.
Qe2 e5 16. dxe5 Nxe5 17. Nxe5 Bxe5 18. g3 Rae8 19. Be3 d4 20. cxd4 Bxd4 21.
Rac1 Qa5 22. Bb3 Bxe3 23. fxe3 Qb6 24. Qf3 Ne4 25. Kg2 Nd2 26. Qc6 Qxc6+ 27.
Rxc6 Nxb3 28. axb3 Rc8 29. Rc3 Rfd8 30. Kf3 Rb8 31. b4 Rb6 32. Ke2 Rbd6 33. Rc2
Re8 34. Kf3 Rf6+ 35. Ke2 Re4 36. Rc3 Rxb4 37. b3 a5 38. Ra1 a4 39. bxa4 bxa4
40. Rc8+ Kh7 41. Ra8 Rb2+ 42. Kd3 Rxh2 43. R1xa4 Rg2 44. Rf4 Re6 45. Rf3 Rg6
46. Rxf7 R2xg3 47. Re8 R6g5 48. Ke2 h5 49. Rff8 Rg2+ 50. Kf3 R5g3+ 51. Ke4 Rg4+
52. Kf3 R2g3+ 53. Kf2 Rh3 54. e4 Rh2+ 55. Kf3 Rh3+ 56. Kf2 Rh2+ 57. Kf3 Rh3+
58. Kf2 Rh2+ 1/2-1/2

[Event "Wellington Club Championship - A Grade"]
[Site "Wellington Chess Club"]
[Date "2024.10.17"]
[Round "3.2"]
[White "Dive, Russell J"]
[Black "Croad, Nicolas"]
[Result "0-1"]
[WhiteElo "2315"]
[BlackElo "2394"]
[WhiteFideId "4300106"]
[BlackFideId "4300793"]
[PlyCount "0"]
[EventDate "2024.09.26"]
[SourceDate ""]

1. f4 c5 2. Nf3 Nc6 3. g3 g6 4. Bg2 Bg7 5. O-O Nf6 6. e3 d6 7. d4 cxd4 8. exd4
O-O 9. c4 Bf5 10. h3 d5 11. c5 b6 12. Ne5 Rc8 13. g4 Be4 14. Qa4 Bxg2 15. Kxg2
bxc5 16. Nxc6 Qd7 17. Nxe7+ Qxe7 18. Nc3 cxd4 19. Qxd4 Nxg4 20. Qd3 d4 21. Nd5
Qe6 22. hxg4 Qxd5+ 23. Rf3 Rc6 24. Bd2 Rfc8 25. Kg3 h6 26. a3 h5 27. gxh5 Qxh5
28. Re1 Bf8 29. Kg2 Rc2 30. Rh1 Qf5 31. Kg3 Qxd3 32. Rxd3 Rxb2 33. Kf3 Kg7 34.
Rc1 Rxd2 0-1

[Event "Wellington Club Championship - A Grade"]
[Site "Wellington Chess Club"]
[Date "2024.10.17"]
[Round "3.3"]
[White "Winter, Ryan"]
[Black "Nicholls, Leighton"]
[Result "1-0"]
[WhiteElo "2289"]
[BlackElo "1961"]
[WhiteFideId "4306295"]
[BlackFideId "4303776"]
[PlyCount "0"]
[EventDate "2024.09.26"]
[SourceDate ""]

1. e4 e5 2. Nf3 Nc6 3. Bb5 a6 4. Ba4 Nf6 5. d3 b5 6. Bb3 Bc5 7. O-O d6 8. c3
O-O 9. h3 h6 10. Re1 Re8 11. Nbd2 Be6 12. Bc2 b4 13. Ba4 Bd7 14. Nf1 Rb8 15.
Ng3 bxc3 16. bxc3 Ne7 17. Bb3 Ng6 18. d4 Bb6 19. Bc4 a5 20. Qc2 Be6 21. Bf1 c6
22. Be3 Qc7 23. Rab1 Ba7 24. c4 Rxb1 25. Rxb1 Rb8 26. Rb2 Rxb2 27. Qxb2 c5 28.
dxe5 Nxe5 29. Nd2 Qb8 30. Qc1 Bb6 31. Nb1 Bd8 32. f4 Nc6 33. Nc3 Ne8 34. Nb5
Bf6 35. Qd2 Bc8 36. Nh5 Be7 37. Ng3 Bb7 38. Nf5 Bf8 39. a3 Qd8 40. Be2 g6 41.
Ng3 Bg7 42. Bf3 Qf6 43. e5 dxe5 44. Ne4 Qd8 45. Nxc5 Qxd2 46. Bxd2 Ba8 47. fxe5
Bxe5 48. Kf1 Nd6 49. Be2 Nd4 50. Nxd4 Bxd4 51. Nb3 Bb2 52. Nxa5 Bxa3 53. Bxh6
Ne4 54. Bf3 g5 55. Bxg5 Nxg5 56. Bxa8 Kf8 57. Bd5 Ke7 58. Nb3 Nh7 59. Ke2 Nf6
60. Kf3 Nd7 61. Nd4 Bc5 62. Nf5+ Kf6 63. Ng3 Ba3 64. Ne4+ Ke7 65. g4 Nf6 66.
Ng5 Nxd5 67. cxd5 Bc1 68. Ne4 Bb2 69. Kf4 Ba1 70. Kf5 Bd4 71. g5 Bb2 72. Nf6
Bd4 73. h4 Kf8 74. d6 Bc3 75. d7 Ba5 76. h5 Bd8 77. h6 Be7 78. Nd5 Bd8 79. Nb4
Kg8 80. Nc6 Bc7 81. d8=Q+ Bxd8 82. Nxd8 Kh7 83. Nxf7 Kg8 84. Kf6 Kh7 1-0

[Event "Wellington Club Championship - A Grade"]
[Site "Wellington Chess Club"]
[Date "2024.10.17"]
[Round "3.4"]
[White "Young, Cohen"]
[Black "Sellen, Ian"]
[Result "1-0"]
[WhiteElo "2136"]
[BlackElo "2001"]
[WhiteFideId "4317440"]
[BlackFideId "4300610"]
[PlyCount "0"]
[EventDate "2024.09.26"]
[SourceDate ""]

1. e4 e5 2. Nf3 Nc6 3. Bb5 a6 4. Ba4 Nf6 5. O-O d6 6. Re1 Be7 7. h3 b5 8. Bb3
Na5 9. c3 Nxb3 10. axb3 O-O 11. d4 Nd7 12. Nbd2 c6 13. Nf1 Qc7 14. Ng3 Nf6 15.
c4 Be6 16. Qc2 Rfc8 17. Bd2 c5 18. dxe5 dxe5 19. Ra5 Nd7 20. Rea1 b4 21. Nf1
Qb7 22. Ne3 Bd8 23. R5a2 f6 24. Nd5 Nb6 25. Nh4 g6 26. Nxb6 Qxb6 27. g4 Be7 28.
Ng2 Rd8 29. Ne3 Kg7 30. Nd5 Bxd5 31. cxd5 a5 32. Be3 Rdc8 33. Qc4 Bd6 34. Rf1
g5 35. h4 h6 36. Qe2 Qd8 37. Qf3 Rc7 38. Rfa1 Rca7 39. Qf5 gxh4 40. Kg2 Qe8 41.
Kf3 Qg6 42. Qe6 Ra6 43. Qd7+ Qf7 44. Bxh6+ Kg6 45. Qf5+ Kxh6 46. Rh1 Rh8 47.
Rxh4+ Kg7 48. Rxh8 Kxh8 49. Qc8+ 1-0

[Event "Wellington Club Championship - A Grade"]
[Site "Wellington Chess Club"]
[Date "2024.10.17"]
[Round "3.5"]
[White "Van der Hoorn, Thomas"]
[Black "Winsley, Nicholas"]
[Result "1-0"]
[WhiteElo "2096"]
[BlackElo "2086"]
[WhiteFideId "4314565"]
[BlackFideId "4315146"]
[PlyCount "0"]
[EventDate "2024.09.26"]
[SourceDate ""]

1. c4 c6 2. Nf3 d5 3. e3 Nf6 4. b3 Bg4 5. Be2 e6 6. Bb2 Nbd7 7. O-O Bd6 8. d3
Bb8 9. Nbd2 e5 10. cxd5 cxd5 11. h3 Bxf3 12. Nxf3 Qe7 13. Rc1 O-O 14. Qc2 h5
15. e4 d4 16. Nd2 Bd6 17. Nc4 Bc5 18. a4 Rfc8 19. Qd2 a6 20. a5 Rc6 21. f4 exf4
22. Qxf4 Nxe4 23. Bxh5 Ng5 24. Rce1 Qf6 25. Qg4 Qd8 26. h4 g6 27. hxg5 gxh5 28.
Qf5 1-0

[Event "Wellington Club Championship - A Grade"]
[Site "Wellington Chess Club"]
[Date "2024.10.24"]
[Round "4.1"]
[White "Timergazi, Layla"]
[Black "Winsley, Nicholas"]
[Result "0-1"]
[WhiteElo "2187"]
[BlackElo "2086"]

1. e3 d5 2. b3 Bf5 3. Bb2 Nd7 4. Nf3 h6 5. c4 e6 6. Nc3 c6 7. Be2 Ngf6 8. d4
Bd6 9. h3 Ne4 10. Nxe4 Bxe4 11. O-O Nf6 12. Ne5 Nd7 13. Bd3 Bxd3 14. Qxd3 Bxe5
15. dxe5 O-O 16. Qd4 Qb6 17. Qg4 dxc4 18. Qxc4 Rfd8 19. Rad1 Qa5 20. b4 Qa4 21.
Rd6 Nb6 22. Qh4 Rd7 23. Rxd7 Nxd7 24. a3 Nb6 25. Qe7 Qa6 26. Ra1 Nd5 27. Qh4
Rc8 28. Qd4 b6 29. Rc1 Qe2 30. e4 Nf4 31. Rd1 c5 32. Qd7 Rc7 33. Qd8+ Kh7 34.
Qd2 cxb4 35. Qd4 Rc4 0-1

[Event "Wellington Club Championship - A Grade"]
[Site "Wellington Chess Club"]
[Date "2024.10.24"]
[Round "4.2"]
[White "Sellen, Ian"]
[Black "Van der Hoorn, Thomas"]
[Result "1/2-1/2"]
[WhiteElo "2001"]
[BlackElo "2096"]

1. c4 c5 2. Nc3 Nc6 3. Nf3 g6 4. g3 Bg7 5. Bg2 Nf6 6. O-O O-O 7. d4 cxd4 8.
Nxd4 a6 9. e3 Qc7 10. b3 d6 11. Bb2 e5 12. Nde2 Be6 13. Nd5 Bxd5 14. cxd5 Ne7
15. Qd2 Nd7 16. Rac1 Qb6 17. Rc2 Rac8 18. Rfc1 f5 19. b4 Qb5 20. a3 Nb6 21. Nc3
Qd7 22. Ne2 Rxc2 23. Rxc2 Rc8 24. e4 Nc4 25. Qd3 Nxb2 26. Rxb2 Qc7 27. Rd2 Qc4
28. f3 Bh6 29. Qxc4 Rxc4 30. Rd3 Rc2 31. Kf2 Bd2 32. Bf1 Kf7 33. h4 Kf6 34. Kg2
h6 35. g4 f4 36. Kg1 Be1 37. Kg2 Bxh4 38. Rc3 Rxc3 39. Nxc3 Be1 40. Na4 g5 41.
b5 Ng6 42. Be2 axb5 43. Bxb5 Nh4+ 44. Kf1 Bd2 45. Nb6 Bc1 46. Ke2 Bxa3 47. Na8
Ng2 48. Nc7 Ne3 49. Bd3 Kg6 50. Bb5 Nc2 51. Ne6 Nb4 52. Nd8 Na6 53. Ne6 Kf6 54.
Kd3 Ke7 55. Ke2 Bb4 56. Kd3 Ba5 57. Ke2 Kf6 58. Kf2 Nb4 59. Ke2 Nc2 60. Ba4 Na3
61. Kd3 b5 62. Bb3 Nb1 63. Bd1 Nd2 64. Be2 Nb3 65. Kc2 Nd2 66. Kd3 Kg6 67. Nf8+
Kf6 68. Ne6 {Threefold repetition} 1/2-1/2

[Event "Wellington Club Championship - A Grade"]
[Site "Wellington Chess Club"]
[Date "2024.10.24"]
[Round "4.3"]
[White "Nicholls, Leighton"]
[Black "Young, Cohen"]
[Result "1/2-1/2"]
[WhiteElo "1961"]
[BlackElo "2136"]

1. b4 d5 2. Bb2 Nf6 3. Nf3 Bf5 4. e3 e6 5. b5 h6 6. c4 Nbd7 7. Nc3 Be7 8. d4 c5
9. cxd5 Nxd5 10. Qd2 N7f6 11. Be2 Nxc3 12. Bxc3 Ne4 13. Qb2 c4 14. O-O Rc8 15.
Rfc1 O-O 16. Ne5 Bd6 17. Bb4 c3 18. Bxc3 Qh4 19. g3 Qe7 20. Nc4 Nxc3 21. Rxc3
Bb8 22. Rac1 b6 23. Ne5 Rxc3 24. Qxc3 Bxe5 25. dxe5 Be4 26. a4 Qb7 27. Bd3 Bf3
28. Qd4 Qe7 29. Qd6 Qxd6 30. exd6 Rd8 31. d7 Kf8 32. Rc7 Ke7 33. Rxa7 Rxd7 34.
Rxd7+ Kxd7 35. Bc2 Kd6 36. Kf1 Kc5 37. Ke1 Kb4 38. Kd2 f5 1/2-1/2

[Event "Wellington Club Championship - A Grade"]
[Site "Wellington Chess Club"]
[Date "2024.10.24"]
[Round "4.4"]
[White "Croad, Nicolas"]
[Black "Winter, Ryan"]
[Result "0-1"]
[WhiteElo "2394"]
[BlackElo "2289"]

1. d4 Nf6 2. c4 e6 3. Nc3 d5 4. cxd5 exd5 5. Bg5 c6 6. e3 Bd6 7. Bd3 O-O 8. Qc2
h6 9. Bh4 Re8 10. Nf3 a5 11. O-O Na6 12. a3 Nc7 13. Rab1 Bg4 14. Nd2 Bd7 15.
Bg3 Bxg3 16. hxg3 Ne6 17. b4 axb4 18. axb4 Qe7 19. Rfc1 Rec8 20. Na4 Qd8 21.
Nc5 b6 22. Nxd7 Qxd7 23. Bf5 Qd6 24. Nf3 Nd7 25. b5 $5 c5 26. dxc5 bxc5 27. e4
d4 28. e5 { The whole idea behind 25.b5 } 28... Nxe5 29. Nxe5 Qxe5 30. Re1 Qd6
31. Bxe6 fxe6 32. Qg6 Re8 33. Ra1 $5 { Stylish. Introducing Ra7 or Ra6 ideas
for white } 33... Rad8 34. Ra6 Qf8 35. b6 d3 36. b7 d2 37. Rd1 Qf5 38. Qxe8+ $4
(38. Qxf5 exf5 39. Kf1 $10) 38... Rxe8 39. Ra8 Qf8 40. Rxe8 Qxe8 41. Rxd2 Qb8
42. Rd7 Kh7 43. Kf1 Qe5 44. f4 Qb2 45. g4 Qc1+ 0-1

[Event "Wellington Club Championship - A Grade"]
[Site "Wellington Chess Club"]
[Date "2024.10.24"]
[Round "4.5"]
[White "Ker, Anthony F"]
[Black "Dive, Russell J"]
[Result "0-1"]
[WhiteElo "2384"]
[BlackElo "2315"]

1. e4 e5 2. Nf3 Nf6 3. d4 Nxe4 4. Bd3 d5 5. Nxe5 Nd7 6. Nc3 Nxe5 7. dxe5 Nxc3
8. bxc3 Qh4 9. Be3 Be7 10. O-O O-O 11. g3 Qh3 12. Rb1 b6 13. Be2 Be6 14. f4
Rad8 15. Qe1 c5 16. Rd1 f6 17. Bf3 fxe5 18. fxe5 Rxf3 19. Rxf3 Bg4 20. Rf2 Bxd1
21. Qxd1 Qe6 22. Re2 Qxe5 23. Qe1 Qh5 24. Bd4 Bd6 25. Bf2 h6 26. Kg2 Kh7 27.
Re6 Qf5 28. Qe2 Kg8 29. g4 Qf7 30. Bh4 Rd7 31. Re8+ Bf8 32. Bd8 d4 33. c4 b5
34. Ba5 Qxc4 35. Qxc4+ bxc4 36. Kf3 Kf7 37. Rc8 d3 38. cxd3 cxd3 39. Ke3 Be7
40. Kd2 Bg5+ 41. Kd1 Rb7 42. Rc7+ Rxc7 43. Bxc7 Ke6 44. Bg3 Kd5 45. Bf2 a6 46.
h4 Bf4 47. Be1 g6 48. h5 gxh5 49. gxh5 Kd4 50. a4 Be3 51. Ba5 c4 52. Bb6+ Ke4
53. Ba5 Kf3 0-1

[Event "Wellington Club Championship - A Grade"]
[Site "Wellington Chess Club"]
[Date "2024.10.31"]
[Round "5.1"]
[White "Dive, Russell J"]
[Black "Timergazi, Layla"]
[Result "1-0"]
[WhiteElo "2315"]
[BlackElo "2187"]
[WhiteFideId "4300106"]
[BlackFideId "4303733"]
[PlyCount "0"]
[EventDate "2024.09.26"]
[SourceDate ""]

1. c4 Nf6 2. Nc3 c5 3. Nf3 Nc6 4. d4 cxd4 5. Nxd4 Nxd4 6. Qxd4 b6 7. e4 d6 8.
Be2 g6 9. f4 Bb7 10. Bf3 Bg7 11. O-O O-O 12. Qd3 Nd7 13. Be3 Rc8 14. Rac1 Nc5
15. Qb1 Bh6 16. Bg4 e6 17. b4 Nd7 18. Nb5 Ne5 19. Be2 a6 20. Nd4 Qe7 21. Nb3
Nd7 22. Nd2 d5 23. c5 e5 24. exd5 exf4 25. Qe4 Qxe4 26. Nxe4 Bxd5 27. Bxf4 Bxf4
28. Rxf4 bxc5 29. Bxa6 Ra8 30. Bb5 Ne5 31. Nf6+ 1-0

[Event "Wellington Club Championship - A Grade"]
[Site "Wellington Chess Club"]
[Date "2024.10.31"]
[Round "5.2"]
[White "Winter, Ryan"]
[Black "Ker, Anthony F"]
[Result "0-1"]
[WhiteElo "2289"]
[BlackElo "2384"]
[WhiteFideId "4306295"]
[BlackFideId "4300084"]
[PlyCount "0"]
[EventDate "2024.09.26"]
[SourceDate ""]

1. e4 c5 2. Nf3 g6 3. d4 cxd4 4. Nxd4 Nc6 5. c4 Nf6 6. Nc3 d6 7. Be2 Nxd4 8.
Qxd4 Bg7 9. Bg5 O-O 10. Qe3 Qb6 11. Qd2 a5 12. O-O a4 13. Rac1 Be6 14. Kh1 Rfc8
15. f4 Bxc4 16. e5 Ne8 17. Bxe7 dxe5 18. fxe5 Bxe5 19. Bxc4 Rxc4 20. Rce1 Qe6
21. Ba3 Rh4 22. g3 Bxc3 23. Qxc3 Re4 24. Rxe4 Qxe4+ 25. Kg1 Ng7 26. Re1 Qf5 27.
Qb4 b5 28. Qd6 Ne6 29. Rf1 Qe4 30. Qe7 f5 31. Bb4 Nd4 32. Qxe4 fxe4 33. Bc5 Rd8
34. Kg2 Nf3 35. Bb4 Rc8 36. Rf2 Kf7 37. Re2 Rc4 38. a3 Ke6 39. Bc3 Kd5 40. Re3
Ne5 41. Re1 Rc7 42. Rd1+ Nd3 43. Rf1 Kc4 44. Rf8 Kb3 45. Rb8 Rc5 46. Re8 Nxb2
47. Bb4 Rc4 0-1

[Event "Wellington Club Championship - A Grade"]
[Site "Wellington Chess Club"]
[Date "2024.10.31"]
[Round "5.3"]
[White "Young, Cohen"]
[Black "Croad, Nicolas"]
[Result "1-0"]
[WhiteElo "2136"]
[BlackElo "2394"]
[WhiteFideId "4317440"]
[BlackFideId "4300793"]
[PlyCount "0"]
[EventDate "2024.09.26"]
[SourceDate ""]

1. d4 Nf6 2. c4 g6 3. f3 Bg7 4. e4 d6 5. Nc3 O-O 6. Be3 a6 7. Qd2 Nbd7 8. Nge2
(8. O-O-O c5) 8... c5 9. d5 Ne5 10. Ng3 e6 11. dxe6 Bxe6 12. Rd1 Bxc4 13. f4
Bxf1 14. fxe5 Ng4 15. Nxf1 Bxe5 16. Bf4 Bd4 17. Ne3 f5 18. h3 Qh4+ 19. g3 Qh5
20. Nxg4 fxg4 21. Ne2 g5 22. Nxd4 gxf4 23. Ne6 fxg3 24. Nxf8 Qh4 25. O-O 1-0

[Event "Wellington Club Championship - A Grade"]
[Site "Wellington Chess Club"]
[Date "2024.10.31"]
[Round "5.4"]
[White "Van der Hoorn, Thomas"]
[Black "Nicholls, Leighton"]
[Result "1-0"]
[WhiteElo "2096"]
[BlackElo "1961"]
[WhiteFideId "4314565"]
[BlackFideId "4303776"]
[PlyCount "0"]
[EventDate "2024.09.26"]
[SourceDate ""]

1. c4 c5 2. Nf3 Nf6 3. Nc3 g6 4. e4 Bg7 5. d4 cxd4 6. Nxd4 Nc6 7. Be3 O-O 8.
Be2 d6 9. O-O Ne8 10. Qd2 Nc7 11. Rac1 Ne6 12. Nc2 Qa5 13. b4 Qe5 14. Nd5 Qxe4
15. f3 Qe5 16. f4 Qb2 17. b5 Ncd4 18. Nxe7+ Kh8 19. f5 Nxf5 20. Nxf5 gxf5 21.
Rxf5 Be5 22. Bh6 Ng7 23. Rff1 Be6 24. Bd3 Rac8 25. Nb4 Rc7 26. Rc2 Bd4+ 27. Kh1
Qa3 28. Rf4 Be3 29. Qxe3 Qxb4 30. Rc1 b6 31. Bxh7 Kxh7 32. Bxg7 Rg8 33. Rh4+
Kg6 34. Qh6+ 1-0